000
00328nam a2200157Ia 4500
001
9732
003
GE_BSU
008
181216s||||||||xx |||||||||||||| ||und||
040
_c
GE_BSU
245
_a
Le Point №2171. 24 Avril 2014
260
_a
Paris
260
_c
2014
300
_a
96p.26cm.
653
_a
Le Point
942
_c
CR
999
_c
43013
_d
43013